Online Catalogue and eLibrary

Pacific kodew ha adiwasin (Record no. 5305)

MARC details
000 -LEADER
fixed length control field 00424nam a2200157Ia 4500
005 - DATE AND TIME OF LATEST TRANSACTION
control field 20250703154710.0
008 - FIXED-LENGTH DATA ELEMENTS--GENERAL INFORMATION
fixed length control field 240331s9999 xx 000 0 und d
020 ## - INTERNATIONAL STANDARD BOOK NUMBER
ISBN 9555734410
082 ## - DDC Classification
Item Number - Author Mark DHA
Class No. 934
245 #0 - TITLE STATEMENT
Title Pacific kodew ha adiwasin
260 ## - PUBLICATION, DISTRIBUTION, ETC.
Place of publication, distribution, etc. Nugegoda
Name of publisher, distributor, etc. University Publishers
Date of publication, distribution, etc. 2006
300 ## - PHYSICAL DESCRIPTION
Extent (e.g. Volumes, Pages etc.) 128 p.,
500 ## - GENERAL NOTE
General note A book of Pacific Islands & Indigenous People
700 ## - ADDED ENTRY--PERSONAL NAME
Personal name Dhanapala,A.H
Relator term (Role) Compiler
942 ## - Koha item type (Biblio)
Koha item type Books in Stacks (Lending)
Holdings
Lost status Damaged status Collection code Home library Current library Shelving location Date acquired Full call number Accession Number Item type
    Lending WERC Library WERC Library Social Science Cupboard 03/31/2024 934.02 DHA 6304 Books in Stacks (Lending)

© WERC Library